000 00872nam a2200313Ia 4500
003 OSt
005 20221007110842.0
006 a|||||r|||| 00| 0
007 ta
008 221006b |||||||| |||| 00| 0 eng d
020 _a 8189479261 (Vol. II)
020 _a8189479253 (Vol. I); 8189479261 (Vol. II)
024 _a21,994
037 _cTextual
040 _aLCO
_cLCO
_beng
041 _2eng
_aeng
082 _aV1:5, P8
100 _aMedhini Laya Ed.
245 0 _aHIV / AIDS and the Law
260 _aNew
_bDelhi Human Rights Law Network India
_c2007
300 _a1329
490 _vVol.- II
650 _a AIDS
650 _aHIV
_9707909
700 _a Gonsalves Colin Ed.
700 _a Jain Dipika Ed.
942 _hV1:5, P8
_cTEXL
999 _c1191557
_d1191557